000 00277nam a2200109Ia 4500
001 587472
005 20250717113817.0
008 250717s9999 xx 000 0 und d
245 0 _aX-8 KİMYA BİZE NE ANLATIYOR
_cALEX FRITH
260 _bTÜBİTAK YAYINLARI
_c2020
300 _b20
999 _c587472
_d587472